000 00507nam a2200157Ia 4500
005 20250508160034.0
008 008 250505s9999 xx 000 0 eng d
037 _aBooks to be hide in OPAC
040 _aFEDL
_beng
_cFEDL
041 _aeng
_2eng
084 _a378.5479, RAJ/O
_qFEDL
245 0 _aReport on the Rajkumar college rajkot kathiawar for 1904-05
260 _aGujrat, India
_bThe Kathiawar Political Agency Press
942 _cHB
_h378.5479, RAJ/O
999 _c1361301
_d1361301